000 01371nam0a2200361 4500
001 RU\NLR\bibl\1423397
005 20250615215338.0
010 _a978-5-222-15802-9
_bв пер.
_92500
021 _aRU
_b2009-64279
_93964
035 _a(nilc)RSL-KNO-004368966
035 _a(NLR Aleph) 001415328
090 _a1308407
_c1308407
100 _a20090731d2009 |||y0rusy50 ca
101 0 _arus
102 _aRU
105 _aa zzzz|||||
200 1 _aЗдоровый образ жизни в современной школе
_eпрограммы, мероприятия, игры
_fЕ. А. Воронова
_gНац. проект "Образование"
205 _aИзд. 3-е
210 _aРостов-на-Дону
_cФеникс
_d2009
215 _a245, [1] с.
_cил.
_d21
225 1 _aСердце отдаю детям
300 _aНа обл. авт. не указан
606 1 _aШкольники
_xВоспитание здорового образа жизни
_92449504
_3RU\NLR\auth\661456503
686 _aЧ421,6(2)354,0
_2rubbk
686 _aЧ421.354
700 1 _aВоронова
_bЕ. А.
_gЕлена Александровна
_4070
801 0 _aRU
_bРКП
_c20090731
_grcr
801 1 _aRU
_bРГБ
_c20090731
801 2 _aRU
_bNLR
_c20091013
_grcr
830 _aавт. по кн.
942 _cBOOK
980 _aNB